| 000 | 00370 a2200145 4500 | ||
|---|---|---|---|
| 001 | 79088 | ||
| 082 | _a531 KLE | ||
| 090 |
_c39580 _d39580 |
||
| 100 | _aDaniel Kleppner | ||
| 245 |
_aAn Introduction to Machines (Indian Edition) _hEnglish |
||
| 260 |
_aIndia _bTata Mcgraw Hill India |
||
| 300 | _axxii+546p | ||
| 500 | _aDOS BS Reference Books | ||
| 505 | _aAHQ Books | ||
| 942 |
_aCAE NUST _k531 KLE |
||
| 999 |
_c314161 _d314161 |
||